Morat - Balas Perdidas - Estadísticas

Estadísticas generales
  • Esta prueba ha sido intentada 19 veces
  • La puntuación promedio es 5 de 12
Estadísticas de respuestas
Canciones % Correcto
Besos En Guerra
80%
No Sé Va
67%
Cuando Nadie Ve
60%
Mi Vida Entera
53%
Maldita Costumbre
47%
11 Besos
33%
Cuando El Amor Se Escapa
33%
Otras Se Pierden
33%
Acuérdate De Mí
27%
El Embrujo
27%
Yo No Merezco Volver
27%
Punto Y Aparte
13%
No se encontraron pruebas coincidentes
Distribución de puntuación
Porcentaje de gente con cada puntuación
Porcentaje por número respondido
Historial de tus puntuaciones
No has intentado esta prueba.